00826nam a2200241 i 450000100060000000300090000600500170001500700030003200800410003502000180007608000270009410000330012124500680015426000420022230000350026449000290029960000290032870000290035783000370038685200220042399900170044595201220046218012ES-MaACL20230906151735.0t|010806s1991 fr a |||| |dfre d a2-02-012871-3 a1:929 Derrida, Jacques1 aBennington, Geoffrey.92774310aJacques Derrida / cpar Geoffrey Bennington et Jacques Derrida. a[S.l.] : bEditions du Seuil, c1991. a373, [8] p. : bil. ; c19 cm.1 aLes contemporains ; v1114aDerrida, Jacques.9437971 aDerrida, Jacques.9437970 aLes contemporains ; v119228765 aES-MaACLjL-24758 c18012d18012 00104070aATENEOMbATENEOMcDEPO2d2008-01-17eSCl0oL-24758p1018404r2023-02-23 00:00:00w2023-02-23yMONOGRAFIA